[Event "DVM U12 2024"]
[Site "Heidelberg GER"]
[Date "2024.12.27"]
[Round "2"]
[White "Shen, Tingrui"]
[Black "Sutharjan, Dakxwin"]
[Result "1/2-1/2"]
[Termination "normal"]
[Board "1.1"]
[WhiteElo "2164"]
[BlackElo "1917"]
[WhiteClock "00:36:45"]
[BlackClock "00:26:22"]
[WhiteTeam "TV Tegernsee"]
[BlackTeam "SF Brackel 1930"]
[PlyCount "145"]
[WhiteFideId "34603441"]
[BlackFideId "34606548"]
[EventCountry "GER"]
[EventRounds "7"]
[EventType "team-swiss"]
[EventDate "2024.12.26"]

1. d4 {[%clk 01:30:28]} {[%emt 00:00:31]} Nf6 {[%clk 01:30:33]} {[%emt
00:00:28]} 2. c4 {[%clk 01:30:18]} {[%emt 00:00:39]} g6 {[%clk 01:29:41]}
{[%emt 00:01:22]} 3. Nc3 {[%clk 01:30:22]} {[%emt 00:00:26]} d5 {[%clk
01:29:59]} {[%emt 00:00:12]} 4. Bg5 {[%emt 00:06:14]} c6 {[%clk 01:25:00]}
{[%emt 00:00:55]} 5. Bxf6 {[%clk 01:26:25]} {[%emt 00:03:17]} exf6 {[%clk
01:24:47]} {[%emt 00:00:43]} 6. cxd5 {[%clk 01:26:15]} {[%emt 00:00:40]} cxd5
{[%clk 01:22:25]} {[%emt 00:02:53]} 7. Qb3 {[%clk 01:25:21]} {[%emt 00:01:23]}
Nc6 {[%clk 01:20:20]} {[%emt 00:02:35]} 8. e3 {[%clk 01:19:07]} {[%emt
00:06:44]} Bb4 {[%clk 01:16:13]} {[%emt 00:04:37]} 9. g3 {[%clk 01:15:27]}
{[%emt 00:04:10]} O-O {[%clk 01:12:23]} {[%emt 00:04:20]} 10. Bg2 {[%clk
01:15:35]} {[%emt 00:00:22]} Be6 {[%clk 01:12:13]} {[%emt 00:00:40]} 11. Nge2
{[%clk 01:15:33]} {[%emt 00:00:31]} Rc8 {[%clk 01:06:23]} {[%emt 00:06:21]} 12.
O-O {[%clk 01:13:36]} {[%emt 00:02:25]} Bxc3 {[%clk 01:02:12]} {[%emt
00:04:44]} 13. Nxc3 {[%clk 01:13:05]} {[%emt 00:01:01]} Na5 {[%clk 01:00:22]}
{[%emt 00:02:19]} 14. Qd1 {[%clk 01:10:05]} {[%emt 00:03:30]} Nc4 {[%clk
00:59:16]} {[%emt 00:01:37]} 15. Qe2 {[%clk 01:08:14]} {[%emt 00:02:20]} Qd7
{[%clk 00:56:38]} {[%emt 00:03:09]} 16. Rac1 {[%clk 01:04:25]} {[%emt
00:04:18]} Nb6 {[%clk 00:54:57]} {[%emt 00:02:12]} 17. b3 {[%clk 01:02:23]}
{[%emt 00:02:31]} a6 {[%clk 00:52:35]} {[%emt 00:02:53]} 18. a4 {[%clk
01:01:20]} {[%emt 00:01:33]} Rc7 {[%clk 00:51:21]} {[%emt 00:01:44]} 19. a5
{[%clk 01:00:16]} {[%emt 00:01:34]} Na8 {[%clk 00:51:09]} {[%emt 00:00:42]} 20.
Na4 {[%clk 00:56:46]} {[%emt 00:04:00]} Rxc1 {[%clk 00:49:34]} {[%emt
00:02:05]} 21. Rxc1 {[%clk 00:57:09]} {[%emt 00:00:06]} Rc8 {[%clk 00:48:14]}
{[%emt 00:01:50]} 22. Nc5 {[%clk 00:56:33]} {[%emt 00:01:05]} Qd6 {[%clk
00:43:23]} {[%emt 00:05:22]} 23. Qd2 {[%clk 00:51:04]} {[%emt 00:05:59]} Qc6
{[%clk 00:38:44]} {[%emt 00:05:09]} 24. Qb4 {[%clk 00:48:59]} {[%emt 00:02:34]}
b6 {[%clk 00:36:00]} {[%emt 00:03:14]} 25. axb6 {[%clk 00:41:19]} {[%emt
00:08:10]} Qxb6 {[%clk 00:35:01]} {[%emt 00:01:29]} 26. Qxb6 {[%clk 00:40:51]}
{[%emt 00:00:59]} Nxb6 {[%clk 00:35:30]} {[%emt 00:00:02]} 27. Ra1 {[%clk
00:40:05]} {[%emt 00:01:15]} Nd7 {[%clk 00:33:33]} {[%emt 00:02:26]} 28. Nxa6
{[%clk 00:31:43]} {[%emt 00:08:53]} Rc3 {[%clk 00:31:49]} {[%emt 00:02:14]} 29.
b4 {[%clk 00:31:10]} {[%emt 00:01:03]} Rb3 {[%clk 00:31:00]} {[%emt 00:01:19]}
30. Bf1 {[%clk 00:26:48]} {[%emt 00:04:52]} Nb6 {[%clk 00:29:14]} {[%emt
00:02:16]} 31. b5 {[%clk 00:25:38]} {[%emt 00:01:40]} Nc4 {[%clk 00:28:12]}
{[%emt 00:01:33]} 32. Nc7 {[%clk 00:25:41]} {[%emt 00:00:27]} Kg7 {[%clk
00:26:14]} {[%emt 00:02:27]} 33. e4 {[%clk 00:23:22]} {[%emt 00:02:50]} Nd6
{[%clk 00:22:39]} {[%emt 00:04:05]} 34. e5 {[%clk 00:14:05]} {[%emt 00:09:46]}
fxe5 {[%clk 00:22:14]} {[%emt 00:00:55]} 35. dxe5 {[%clk 00:14:33]} {[%emt
00:00:02]} Nc4 {[%clk 00:21:11]} {[%emt 00:01:33]} 36. Ra7 {[%clk 00:13:54]}
{[%emt 00:01:10]} Kg8 {[%clk 00:20:25]} {[%emt 00:01:15]} 37. Nxe6 {[%clk
00:11:41]} {[%emt 00:02:43]} fxe6 {[%clk 00:20:51]} {[%emt 00:00:05]} 38. Bh3
{[%clk 00:11:46]} {[%emt 00:00:25]} Nxe5 {[%clk 00:18:20]} {[%emt 00:03:01]}
39. Bxe6+ {[%clk 00:11:55]} {[%emt 00:00:20]} Kh8 {[%clk 00:18:37]} {[%emt
00:00:13]} 40. Rb7 {[%clk 00:09:19]} {[%emt 00:03:06]} Rb1+ {[%clk 00:17:24]}
{[%emt 00:01:44]} 41. Kg2 {[%clk 00:09:47]} {[%emt 00:00:02]} d4 {[%clk
00:16:51]} {[%emt 00:01:03]} 42. Rb8+ {[%clk 00:07:46]} {[%emt 00:02:31]} Kg7
{[%clk 00:17:04]} {[%emt 00:00:17]} 43. Rd8 {[%clk 00:06:58]} {[%emt 00:01:17]}
Rxb5 {[%clk 00:15:24]} {[%emt 00:02:09]} 44. Rxd4 {[%clk 00:06:54]} {[%emt
00:00:34]} Rb6 {[%clk 00:11:59]} {[%emt 00:03:55]} 45. Ba2 {[%clk 00:06:53]}
{[%emt 00:00:31]} Rb2 {[%clk 00:10:28]} {[%emt 00:02:02]} 46. Bd5 {[%clk
00:07:08]} {[%emt 00:00:15]} Nd7 {[%clk 00:07:14]} {[%emt 00:03:44]} 47. h3
{[%clk 00:06:50]} {[%emt 00:00:48]} Nf6 {[%clk 00:06:43]} {[%emt 00:01:02]} 48.
Bf3 {[%clk 00:06:22]} {[%emt 00:00:56]} Rc2 {[%clk 00:06:30]} {[%emt 00:00:43]}
49. g4 {[%clk 00:06:33]} {[%emt 00:00:20]} Rc7 {[%clk 00:05:53]} {[%emt
00:01:08]} 50. Kg3 {[%clk 00:06:33]} {[%emt 00:00:29]} g5 {[%clk 00:04:23]}
{[%emt 00:02:00]} 51. Rb4 {[%clk 00:06:41]} {[%emt 00:00:22]} h6 {[%clk
00:02:35]} {[%emt 00:02:18]} 52. Rb7 {[%clk 00:06:05]} {[%emt 00:01:06]} Rxb7
{[%clk 00:01:58]} {[%emt 00:01:08]} 53. Bxb7 {[%clk 00:06:30]} {[%emt
00:00:03]} Nd7 {[%clk 00:30:20]} {[%emt 00:02:09]} 54. h4 {[%clk 00:36:14]}
{[%emt 00:00:45]} Ne5 {[%clk 00:29:03]} {[%emt 00:01:48]} 55. Be4 {[%clk
00:35:37]} {[%emt 00:01:06]} Kf6 {[%clk 00:26:56]} {[%emt 00:02:38]} 56. Bf5
{[%clk 00:35:19]} {[%emt 00:00:47]} Nf7 {[%clk 00:25:45]} {[%emt 00:01:43]} 57.
f4 {[%clk 00:35:24]} {[%emt 00:00:25]} gxf4+ {[%clk 00:23:55]} {[%emt
00:02:21]} 58. Kxf4 {[%clk 00:35:06]} {[%emt 00:00:48]} Nd6 {[%clk 00:23:32]}
{[%emt 00:00:53]} 59. Bd3 {[%clk 00:35:15]} {[%emt 00:00:20]} Nf7 {[%clk
00:23:12]} {[%emt 00:00:50]} 60. Bc4 {[%clk 00:35:33]} {[%emt 00:00:12]} Ne5
{[%clk 00:22:47]} {[%emt 00:00:56]} 61. g5+ {[%clk 00:35:07]} {[%emt 00:00:55]}
hxg5+ {[%clk 00:23:08]} {[%emt 00:00:09]} 62. hxg5+ {[%clk 00:35:22]} {[%emt
00:00:15]} Kg6 {[%clk 00:23:33]} {[%emt 00:00:07]} 63. Bb5 {[%clk 00:34:50]}
{[%emt 00:01:01]} Nf7 {[%clk 00:23:34]} {[%emt 00:00:28]} 64. Be8 {[%clk
00:34:48]} {[%emt 00:00:32]} Kg7 {[%clk 00:24:00]} {[%emt 00:00:06]} 65. Bxf7
{[%clk 00:35:03]} {[%emt 00:00:14]} Kxf7 {[%clk 00:24:24]} {[%emt 00:00:06]}
66. Kf5 {[%clk 00:34:47]} {[%emt 00:00:45]} Kg7 {[%clk 00:24:47]} {[%emt
00:00:08]} 67. Kg4 {[%clk 00:34:58]} {[%emt 00:00:18]} Kg6 {[%clk 00:24:58]}
{[%emt 00:00:19]} 68. Kh4 {[%clk 00:35:18]} {[%emt 00:00:09]} Kg7 {[%clk
00:24:57]} {[%emt 00:00:32]} 69. Kh5 {[%clk 00:35:38]} {[%emt 00:00:09]} Kh7
{[%clk 00:25:18]} {[%emt 00:00:10]} 70. g6+ {[%clk 00:35:53]} {[%emt 00:00:15]}
Kg7 {[%clk 00:25:42]} {[%emt 00:00:07]} 71. Kg5 {[%emt 00:00:24]} Kg8 {[%clk
00:25:58]} 72. Kf6 {[%clk 00:36:29]} {[%emt 00:00:13]} Kf8 {[%clk 00:26:22]}
{[%emt 00:00:06]} 73. Kg5 {[%clk 00:36:45]} {[%emt 00:00:14]} 1/2-1/2

[Event "DVM U12 2024"]
[Site "Heidelberg GER"]
[Date "2024.12.27"]
[Round "2"]
[White "Rogner, Alexander Luis"]
[Black "Lange, Fynn Jeremy"]
[Result "1/2-1/2"]
[Termination "normal"]
[Board "1.2"]
[WhiteElo "1674"]
[BlackElo "1878"]
[WhiteClock "00:58:19"]
[BlackClock "00:31:17"]
[WhiteTeam "SF Brackel 1930"]
[BlackTeam "TV Tegernsee"]
[PlyCount "57"]
[WhiteFideId "34606556"]
[BlackFideId "34616365"]
[EventCountry "GER"]
[EventRounds "7"]
[EventType "team-swiss"]
[EventDate "2024.12.26"]

1. e4 {[%clk 01:30:57]} {[%emt 00:00:03]} e5 {[%clk 01:30:50]} {[%emt
00:00:11]} 2. Nf3 {[%clk 01:31:19]} {[%emt 00:00:08]} Nc6 {[%clk 01:30:50]}
{[%emt 00:00:29]} 3. Bb5 {[%clk 01:31:24]} {[%emt 00:00:26]} Nge7 {[%clk
01:30:30]} {[%emt 00:00:48]} 4. Nc3 {[%clk 01:31:03]} {[%emt 00:00:53]} g6
{[%clk 01:30:20]} {[%emt 00:00:37]} 5. d4 {[%clk 01:28:45]} {[%emt 00:02:51]}
exd4 {[%clk 01:29:30]} {[%emt 00:01:19]} 6. Nxd4 {[%clk 01:29:04]} {[%emt
00:00:12]} Bg7 {[%clk 01:29:50]} {[%emt 00:00:08]} 7. Be3 {[%clk 01:28:49]}
{[%emt 00:00:47]} O-O {[%clk 01:28:30]} {[%emt 00:01:49]} 8. O-O {[%clk
01:28:42]} {[%emt 00:00:38]} a6 {[%clk 01:27:04]} {[%emt 00:01:57]} 9. Be2
{[%clk 01:28:42]} {[%emt 00:00:29]} d6 {[%clk 01:24:22]} {[%emt 00:03:13]} 10.
Qd2 {[%clk 01:26:54]} {[%emt 00:02:17]} Nxd4 {[%clk 01:15:41]} {[%emt
00:09:12]} 11. Bxd4 {[%clk 01:27:15]} {[%emt 00:00:08]} Be6 {[%clk 01:13:56]}
{[%emt 00:02:16]} 12. Bxg7 {[%clk 01:27:13]} {[%emt 00:00:31]} Kxg7 {[%clk
01:14:18]} {[%emt 00:00:09]} 13. Bd3 {[%clk 01:24:47]} {[%emt 00:02:55]} Nc6
{[%clk 01:10:37]} {[%emt 00:04:12]} 14. Ne2 {[%clk 01:22:06]} {[%emt 00:03:11]}
Ne5 {[%clk 01:06:22]} {[%emt 00:04:46]} 15. Nd4 {[%clk 01:20:04]} {[%emt
00:02:30]} Bd7 {[%clk 01:01:36]} {[%emt 00:05:17]} 16. Qc3 {[%clk 01:15:48]}
{[%emt 00:04:46]} Kg8 {[%clk 01:01:06]} {[%emt 00:01:00]} 17. Qd2 {[%clk
01:11:33]} {[%emt 00:04:45]} c5 {[%clk 00:58:25]} {[%emt 00:03:11]} 18. Nf3
{[%clk 01:06:35]} {[%emt 00:05:27]} Nxf3+ {[%clk 00:57:02]} {[%emt 00:01:53]}
19. gxf3 {[%clk 01:06:54]} {[%emt 00:00:11]} Qf6 {[%clk 00:56:26]} {[%emt
00:01:06]} 20. Qe3 {[%clk 01:05:10]} {[%emt 00:02:14]} Bc6 {[%clk 00:55:12]}
{[%emt 00:01:45]} 21. c3 {[%clk 01:03:04]} {[%emt 00:02:35]} Rfe8 {[%clk
00:54:26]} {[%emt 00:01:16]} 22. f4 {[%clk 01:00:45]} {[%emt 00:02:49]} d5
{[%clk 00:48:32]} {[%emt 00:06:24]} 23. e5 {[%clk 01:00:27]} {[%emt 00:00:48]}
Qe6 {[%clk 00:48:33]} {[%emt 00:00:28]} 24. Qg3 {[%clk 01:00:15]} {[%emt
00:00:42]} Kh8 {[%clk 00:46:21]} {[%emt 00:02:43]} 25. Rfe1 {[%clk 00:59:25]}
{[%emt 00:01:20]} f5 {[%clk 00:39:16]} {[%emt 00:07:36]} 26. a3 {[%clk
00:58:59]} {[%emt 00:00:56]} Rad8 {[%clk 00:36:45]} {[%emt 00:02:59]} 27. h4
{[%clk 00:59:09]} {[%emt 00:00:21]} Rg8 {[%clk 00:33:33]} {[%emt 00:03:42]} 28.
Qg5 {[%clk 00:58:24]} {[%emt 00:01:15]} Rd7 {[%clk 00:31:17]} {[%emt 00:02:45]}
29. Kh2 {[%clk 00:58:19]} {[%emt 00:00:36]} 1/2-1/2

[Event "DVM U12 2024"]
[Site "Heidelberg GER"]
[Date "2024.12.27"]
[Round "2"]
[White "Serwane, Ruben"]
[Black "Hendler, Maximilian"]
[Result "1-0"]
[Termination "normal"]
[Board "1.3"]
[WhiteElo "1799"]
[BlackElo "1644"]
[WhiteClock "00:45:18"]
[BlackClock "00:45:44"]
[WhiteTeam "TV Tegernsee"]
[BlackTeam "SF Brackel 1930"]
[PlyCount "67"]
[WhiteFideId "34660232"]
[BlackFideId "34616500"]
[EventCountry "GER"]
[EventRounds "7"]
[EventType "team-swiss"]
[EventDate "2024.12.26"]

1. e4 {[%clk 01:30:55]} {[%emt 00:00:04]} c5 {[%clk 01:30:50]} {[%emt
00:00:10]} 2. Nf3 {[%clk 01:31:01]} {[%emt 00:00:24]} d6 {[%clk 01:31:06]}
{[%emt 00:00:15]} 3. d4 {[%clk 01:31:07]} {[%emt 00:00:24]} cxd4 {[%clk
01:31:25]} {[%emt 00:00:10]} 4. Nxd4 {[%clk 01:31:16]} {[%emt 00:00:21]} Nf6
{[%clk 01:31:42]} {[%emt 00:00:13]} 5. Nc3 {[%clk 01:31:23]} {[%emt 00:00:24]}
g6 {[%clk 01:31:29]} {[%emt 00:00:43]} 6. f3 {[%clk 01:31:27]} {[%emt
00:00:27]} Bg7 {[%clk 01:31:17]} {[%emt 00:00:42]} 7. Be3 {[%clk 01:30:49]}
{[%emt 00:01:09]} O-O {[%clk 01:31:00]} {[%emt 00:00:46]} 8. Qd2 {[%clk
01:30:05]} {[%emt 00:01:15]} Nc6 {[%clk 01:29:52]} {[%emt 00:01:38]} 9. Bc4
{[%clk 01:28:51]} {[%emt 00:01:44]} Bd7 {[%clk 01:27:44]} {[%emt 00:02:37]} 10.
h4 {[%clk 01:26:43]} {[%emt 00:02:38]} Ne5 {[%clk 01:25:17]} {[%emt 00:02:58]}
11. Be2 {[%clk 01:23:37]} {[%emt 00:03:36]} Bc6 {[%clk 01:19:56]} {[%emt
00:05:51]} 12. O-O-O {[%clk 01:22:18]} {[%emt 00:01:49]} d5 {[%clk 01:18:38]}
{[%emt 00:01:48]} 13. Nxc6 {[%clk 01:20:15]} {[%emt 00:02:33]} bxc6 {[%clk
01:14:40]} {[%emt 00:04:28]} 14. exd5 {[%clk 01:19:48]} {[%emt 00:00:57]} cxd5
{[%clk 01:14:24]} {[%emt 00:00:46]} 15. Nxd5 {[%clk 01:19:53]} {[%emt
00:00:25]} Nxd5 {[%clk 01:13:33]} {[%emt 00:01:21]} 16. Qxd5 {[%clk 01:20:11]}
{[%emt 00:00:12]} Qc7 {[%clk 01:13:10]} {[%emt 00:00:52]} 17. Qc5 {[%clk
01:19:08]} {[%emt 00:01:33]} Qb7 {[%clk 01:13:05]} {[%emt 00:00:36]} 18. Bd4
{[%clk 01:17:06]} {[%emt 00:02:31]} Rfc8 {[%clk 01:11:49]} {[%emt 00:01:47]}
19. Qa3 {[%clk 01:16:19]} {[%emt 00:01:17]} Qc7 {[%clk 01:06:57]} {[%emt
00:05:22]} 20. c3 {[%clk 01:15:22]} {[%emt 00:01:27]} Nc4 {[%clk 01:02:55]}
{[%emt 00:04:32]} 21. Bxc4 {[%clk 01:15:21]} {[%emt 00:00:30]} Qxc4 {[%clk
01:01:27]} {[%emt 00:01:59]} 22. Bxg7 {[%clk 01:15:07]} {[%emt 00:00:44]} Kxg7
{[%clk 01:01:35]} {[%emt 00:00:22]} 23. h5 {[%clk 01:12:34]} {[%emt 00:03:03]}
Qf4+ {[%clk 00:59:14]} {[%emt 00:02:51]} 24. Kb1 {[%clk 01:11:33]} {[%emt
00:01:31]} Qf5+ {[%clk 00:58:26]} {[%emt 00:01:18]} 25. Ka1 {[%clk 01:11:28]}
{[%emt 00:00:35]} e6 {[%clk 00:57:44]} {[%emt 00:01:13]} 26. h6+ {[%clk
01:09:50]} {[%emt 00:02:07]} Kf6 {[%clk 00:57:09]} {[%emt 00:01:05]} 27. f4
{[%clk 01:06:48]} {[%emt 00:03:33]} Rd8 {[%clk 00:56:44]} {[%emt 00:00:55]} 28.
Rdg1 {[%clk 01:04:19]} {[%emt 00:02:59]} Rd2 {[%clk 00:55:26]} {[%emt
00:01:47]} 29. Qb4 {[%clk 00:48:49]} {[%emt 00:16:00]} g5 {[%clk 00:48:17]}
{[%emt 00:07:39]} 30. Rf1 {[%clk 00:46:54]} {[%emt 00:02:25]} Kg6 {[%clk
00:45:11]} {[%emt 00:03:36]} 31. fxg5 {[%clk 00:45:57]} {[%emt 00:01:27]} Rf2
{[%clk 00:45:10]} {[%emt 00:00:31]} 32. Rxf2 {[%clk 00:44:52]} {[%emt
00:01:35]} Qxf2 {[%clk 00:45:28]} {[%emt 00:00:12]} 33. Qe4+ {[%clk 00:45:02]}
{[%emt 00:00:20]} Qf5 {[%clk 00:45:44]} {[%emt 00:00:14]} 34. Qxa8 {[%clk
00:45:18]} {[%emt 00:00:14]} 1-0

[Event "DVM U12 2024"]
[Site "Heidelberg GER"]
[Date "2024.12.27"]
[Round "2"]
[White "Libert, Nick"]
[Black "Merle, Atreyu Lukas"]
[Result "1-0"]
[Termination "normal"]
[Board "1.4"]
[WhiteElo "1548"]
[BlackElo "1380"]
[WhiteClock "01:22:04"]
[BlackClock "00:58:59"]
[WhiteTeam "SF Brackel 1930"]
[BlackTeam "TV Tegernsee"]
[PlyCount "109"]
[WhiteFideId "34634088"]
[BlackFideId "34670033"]
[EventCountry "GER"]
[EventRounds "7"]
[EventType "team-swiss"]
[EventDate "2024.12.26"]

1. e4 {[%clk 01:31:00]} c5 {[%clk 01:30:52]} {[%emt 00:00:08]} 2. d4 {[%clk
01:31:27]} {[%emt 00:00:03]} cxd4 {[%clk 01:31:14]} {[%emt 00:00:08]} 3. c3
{[%clk 01:31:55]} {[%emt 00:00:02]} d5 {[%clk 01:31:31]} {[%emt 00:00:12]} 4.
exd5 {[%clk 01:31:36]} {[%emt 00:00:50]} Qxd5 {[%clk 01:31:46]} {[%emt
00:00:14]} 5. Nf3 {[%clk 01:31:41]} {[%emt 00:00:26]} Nf6 {[%clk 01:31:15]}
{[%emt 00:01:01]} 6. Qxd4 {[%clk 01:31:42]} {[%emt 00:00:30]} Nc6 {[%clk
01:30:59]} {[%emt 00:00:46]} 7. Qxd5 {[%emt 00:00:45]} Nxd5 {[%clk 01:31:17]}
{[%emt 00:00:10]} 8. Bc4 {[%clk 01:31:49]} {[%emt 00:00:10]} Nf6 {[%clk
01:30:29]} {[%emt 00:01:17]} 9. Be3 {[%clk 01:31:07]} {[%emt 00:01:13]} g6
{[%clk 01:29:13]} {[%emt 00:01:45]} 10. Nbd2 {[%clk 01:30:13]} {[%emt
00:01:24]} Bg7 {[%clk 01:27:54]} {[%emt 00:01:49]} 11. Nb3 {[%clk 01:28:26]}
{[%emt 00:02:17]} Bf5 {[%clk 01:27:21]} {[%emt 00:01:03]} 12. Nbd4 {[%clk
01:28:21]} {[%emt 00:00:36]} Be4 {[%clk 01:25:01]} {[%emt 00:02:49]} 13. Rd1
{[%clk 01:25:19]} {[%emt 00:03:33]} Nxd4 {[%clk 01:23:02]} {[%emt 00:02:28]}
14. Bxd4 {[%clk 01:25:20]} {[%emt 00:00:30]} Bxf3 {[%clk 01:22:19]} {[%emt
00:01:12]} 15. gxf3 {[%clk 01:25:45]} {[%emt 00:00:05]} O-O {[%clk 01:22:34]}
{[%emt 00:00:14]} 16. Ke2 {[%clk 01:25:51]} {[%emt 00:00:24]} e5 {[%clk
01:22:06]} {[%emt 00:00:59]} 17. Be3 {[%clk 01:25:57]} {[%emt 00:00:24]} a6
{[%clk 01:14:24]} {[%emt 00:08:12]} 18. Rd2 {[%clk 01:25:16]} {[%emt 00:01:12]}
e4 {[%clk 01:08:36]} {[%emt 00:06:17]} 19. Rhd1 {[%clk 01:25:09]} {[%emt
00:00:37]} exf3+ {[%clk 01:08:08]} {[%emt 00:00:58]} 20. Kxf3 {[%clk 01:25:34]}
{[%emt 00:00:06]} Rfe8 {[%clk 01:07:05]} {[%emt 00:01:33]} 21. Bb3 {[%clk
01:24:14]} {[%emt 00:01:50]} Re5 {[%clk 01:02:59]} {[%emt 00:04:36]} 22. Rd8+
{[%clk 01:20:27]} {[%emt 00:04:17]} Rxd8 {[%clk 01:03:08]} {[%emt 00:00:21]}
23. Rxd8+ {[%clk 01:20:54]} {[%emt 00:00:03]} Re8 {[%clk 00:59:46]} {[%emt
00:03:52]} 24. Rxe8+ {[%clk 01:21:01]} {[%emt 00:00:24]} Nxe8 {[%clk 00:59:56]}
{[%emt 00:00:19]} 25. Bd5 {[%clk 01:21:20]} {[%emt 00:00:11]} b5 {[%clk
00:59:53]} {[%emt 00:00:33]} 26. Bb7 {[%clk 01:21:34]} {[%emt 00:00:16]} a5
{[%clk 00:59:26]} {[%emt 00:00:58]} 27. Bb6 {[%clk 01:19:57]} {[%emt 00:02:07]}
a4 {[%clk 00:59:43]} {[%emt 00:00:13]} 28. Bc5 {[%clk 01:19:44]} {[%emt
00:00:43]} Be5 {[%clk 00:59:12]} {[%emt 00:01:01]} 29. h3 {[%clk 01:19:06]}
{[%emt 00:01:09]} Kg7 {[%clk 00:59:14]} {[%emt 00:00:27]} 30. Bc6 {[%clk
01:19:26]} {[%emt 00:00:08]} Nc7 {[%clk 00:59:21]} {[%emt 00:00:25]} 31. Bb6
{[%clk 01:19:18]} {[%emt 00:00:38]} Ne6 {[%clk 00:58:54]} {[%emt 00:00:56]} 32.
Bxb5 {[%clk 01:18:53]} {[%emt 00:00:56]} a3 {[%clk 00:58:59]} {[%emt 00:00:25]}
33. bxa3 {[%clk 01:17:46]} {[%emt 00:01:37]} Bxc3 {[%clk 00:59:17]} {[%emt
00:00:12]} 34. a4 {[%clk 01:18:13]} {[%emt 00:00:03]} Kf6 {[%clk 00:59:15]}
{[%emt 00:00:31]} 35. a5 {[%clk 01:17:25]} {[%emt 00:01:19]} Bd4 {[%clk
00:58:45]} {[%emt 00:01:00]} 36. Ke4 {[%clk 01:17:01]} {[%emt 00:00:54]} Bxb6
{[%clk 00:58:05]} {[%emt 00:01:09]} 37. axb6 {[%clk 01:17:22]} {[%emt
00:00:10]} Ke7 {[%clk 00:57:43]} {[%emt 00:00:52]} 38. Kd5 {[%clk 01:17:25]}
{[%emt 00:00:27]} Kd8 {[%clk 00:57:24]} {[%emt 00:00:49]} 39. Kd6 {[%clk
01:17:49]} {[%emt 00:00:07]} Nd4 {[%clk 00:57:10]} {[%emt 00:00:44]} 40. Bc6
{[%clk 01:16:51]} {[%emt 00:01:27]} Kc8 {[%clk 00:57:21]} {[%emt 00:00:19]} 41.
a4 {[%clk 01:17:01]} {[%emt 00:00:21]} Nb3 {[%clk 00:57:26]} {[%emt 00:00:25]}
42. Kd5 {[%clk 01:17:03]} {[%emt 00:00:27]} Na5 {[%clk 00:57:35]} {[%emt
00:00:21]} 43. Kc5 {[%clk 01:17:23]} {[%emt 00:00:10]} f5 {[%clk 00:56:23]}
{[%emt 00:01:42]} 44. Bd5 {[%clk 01:17:45]} {[%emt 00:00:09]} g5 {[%clk
00:56:37]} {[%emt 00:00:16]} 45. Kb5 {[%clk 01:17:42]} {[%emt 00:00:33]} Nb7
{[%clk 00:56:47]} {[%emt 00:00:20]} 46. Bxb7+ {[%clk 01:18:03]} {[%emt
00:00:10]} Kxb7 {[%clk 00:57:09]} {[%emt 00:00:08]} 47. a5 {[%clk 01:18:31]}
{[%emt 00:00:03]} g4 {[%clk 00:57:20]} {[%emt 00:00:18]} 48. a6+ {[%clk
01:18:53]} {[%emt 00:00:08]} Kb8 {[%clk 00:57:42]} {[%emt 00:00:08]} 49. hxg4
{[%clk 01:19:22]} {[%emt 00:00:01]} fxg4 {[%clk 00:57:47]} {[%emt 00:00:24]}
50. Kc6 {[%clk 01:19:51]} {[%emt 00:00:01]} h5 {[%clk 00:58:00]} {[%emt
00:00:16]} 51. a7+ {[%clk 01:20:15]} {[%emt 00:00:06]} Ka8 {[%clk 00:58:21]}
{[%emt 00:00:09]} 52. Kc7 {[%clk 01:20:43]} {[%emt 00:00:02]} h4 {[%clk
00:58:37]} {[%emt 00:00:14]} 53. b7+ {[%clk 01:21:11]} {[%emt 00:00:03]} Kxa7
{[%clk 00:58:53]} {[%emt 00:00:13]} 54. b8=Q+ {[%clk 01:21:37]} {[%emt
00:00:03]} Ka6 {[%clk 00:58:59]} {[%emt 00:00:25]} 55. Qb6# {[%clk 01:22:04]}
{[%emt 00:00:03]} 1-0